|
|
|
|
| LEADER |
00000nam0a2200000 4500 |
| 001 |
340514 |
| 005 |
20231101033131.0 |
| 035 |
|
|
|a (RuTPU)RU\TPU\book\367415
|
| 090 |
|
|
|a 340514
|
| 100 |
|
|
|a 20180402d1986 k y0rusy50 ca
|
| 101 |
0 |
|
|a rus
|
| 102 |
|
|
|a KZ
|
| 105 |
|
|
|a y dm 001zy
|
| 200 |
1 |
|
|a Релаксационные гальваностатические методы в исследовании кинетики стадийных электродных процессов
|e автореферат диссертации на соискание ученой степени кандидата химических наук
|e спец. 02.00.05
|f О. А. Копистко
|g Академия наук Казахской ССР (АН КазССР), Институт органического катализа и электрохимии (ИОКЭ) ; науч. рук. Н. В. Грушина
|
| 210 |
|
|
|a Алма-Ата
|c [Б. и.]
|d 1986
|
| 215 |
|
|
|a 24 с.
|
| 300 |
|
|
|a Защита сост. 23.12.1986 г.
|
| 320 |
|
|
|a Библиогр.: с. 23-24 (12 назв.)
|
| 606 |
1 |
|
|a Электродные процессы
|2 stltpush
|3 (RuTPU)RU\TPU\subj\70840
|
| 610 |
1 |
|
|a электрохимия
|
| 610 |
1 |
|
|a кинетика
|
| 610 |
1 |
|
|a релаксационные методы
|
| 610 |
1 |
|
|a гальваностатические методы
|
| 610 |
1 |
|
|a электрохимические реакции
|
| 610 |
1 |
|
|a адсорбция
|
| 610 |
1 |
|
|a металлы
|
| 610 |
1 |
|
|a ионы
|
| 610 |
1 |
|
|a авторефераты диссертаций
|
| 610 |
1 |
|
|a библиотека А. Г. Стромберга
|
| 675 |
|
|
|a 544.65(04)
|v 4
|
| 686 |
|
|
|a 02.00.05
|2 oksvnk
|
| 700 |
|
1 |
|a Копистко
|b О. А.
|g Олег Александрович
|
| 702 |
|
1 |
|a Грушина
|b Н. В.
|4 727
|
| 712 |
0 |
2 |
|a Академия наук Казахской ССР (АН КазССР)
|b Институт органического катализа и электрохимии (ИОКЭ)
|c (Алма-Ата)
|2 stltpush
|3 (RuTPU)RU\TPU\col\15443
|
| 801 |
|
1 |
|a RU
|b 63413507
|c 20180402
|
| 801 |
|
2 |
|a RU
|b 63413507
|c 20180423
|g RCR
|
| 942 |
|
|
|c BK
|